000 02123nam a22002411c 4500
001 a987678547
008 161209s ger d
041 _ager
245 0 0 _aPrometheus-Bildarchiv ; Das verteilte digitale Archiv für Forschung & Lehre Elektronische Ressource
264 _bBrepols,
_c[2016]
300 _aOnline-Ressource
338 _aOnline-Ressource
_bcr
_2rdacarrier
500 _aprometheus ist ein digitales Bildarchiv für Kunst- und Kulturwissenschaften mit derzeit mehr als 2,1 Mio. digitalen Reproduktionen aus über 100 Datenbanken von Museen, wissenschaftlichen Institutionen und Forschungsprojekten.; Forschungs- und Museumsdatenbanken mit ausführlichen Objektinformationen sind genauso enthalten wie Institutsdatenbanken mit Bildmaterial für die Lehre.; Darüber hinaus ist prometheus ein Portal für verschiedene Lernelemente, die die Präsenzlehre ergänzen und das Selbststudium fördern.; Das Bildmaterial kommt aus den Bereichen Kunst- und Kulturgeschichte, Archäologie und weiteren bildbasierten Wissenschaften. Mit prometheus können diese Bilder über eine Suchmaske recherchiert, in Bildsammlungen sortiert und zu Präsentationen für Vorträge zusammengestellt werden.; Datenbanken mit gemeinfreiem Bildmaterial werden in einem Open Access-Bereich angeboten.; Auf der Datenbank-Startseite erhalten Sie über den Link Tools und Lernen Zugang zu verschiedenen Hilfsmitteln, u.a. Lernmodule, Programme, Leitfäden etc.; Das ehemals vom Bundesministerium für Bildung und Forschung (BMBF) mit öffentlichen Geldern geförderte Projekt erwirtschaftet keine Gewinne und wird getragen von einem gemeinnützigen Verein zum Zweck der Förderung von Wissenschaft und Forschung durch die Entwicklung, Bereitstellung und Anwendung der digitalen Medien im kunst- und kulturhistorischen Bereich.
500 _aOnline-Ressource zugänglich nur im DHI-Lesesaal
650 0 _aKunstgeschichte
650 0 _aKulturgeschichte
655 0 _aOnline-Datenbank
655 0 _aElektronische Datenbank
856 4 _uwww.prometheus-bildarchiv.de
942 _cEDB
040 _cRU-10907106
003 RU-10907106
999 _c55812
_d55812